000 00512nam a2200193 a 4500
001 61186
005 20180714062724.0
008 140415s1982 mx 000 0 spa d
041 _aspa
082 _a634.95
_bDAN
100 1 _aDANIEL, THEODORE W.
245 1 0 _aPRINCIPIOS DE SILVICULTURA
250 _a1a ed.
260 _aMEXICO :
_bLIBROS MCGRAW HILL DE MEXICO,
_c1982
300 _a492
650 1 4 _aBOSQUES
700 1 _aELZONDO MATA, RAMON
_etr.
700 1 _aHELMS, JOHN A.
_ecoaut.
999 _c61186
_d61186